000 00386 a2200109 4500
001 ART_36746
005 20260410162005.0
008 260409a
245 1 0 _aLa capacidad internacional de la persona humana en el Código Civil y Comercial de la Nación
100 1 _aRodríguez, Mónica S.
773 0 _tTemas de derecho civil
_g- Año 2, Nº 2 (feb. 2016)
_wREV34778
999 _c31615
_d31615